|
|
|
|
| LEADER |
00000nam a2200000 a 4500 |
| 001 |
vtls008855855 |
| 003 |
SK-MaSNL |
| 005 |
20260224074342.0 |
| 008 |
061018s2006 xo d j o000 0 slo |
| 013 |
|
|
|a 285 300
|b gw
|c patentový spis
|d 20061005
|e dátum nadobudnutia účinkov patentu (Vestník ÚPV SR č.: 10/2006)
|d 20060921
|e dátum sprístupnenia patentu verejnosti
|
| 013 |
|
|
|a 98-99
|e číslo prihlášky
|d 19970719
|e dátum podania prihlášky
|d 19990910
|e dátum zverejnenia prihlášky (Vestník ÚPV SR č.: 09/1999)
|
| 013 |
|
|
|a 196 30 035.5
|e číslo prioritnej prihlášky
|d 19960725
|e dátum podania prioritnej prihlášky
|
| 040 |
|
|
|a SNK
|b slo
|c SNK
|e AACR2
|
| 245 |
1 |
|
|a Farmaceutická formulácia obsahujúca množinu liekových podjednotiek a spôsob jej výroby
|
| 260 |
|
|
|a [Banská Bystrica]
|b Úrad priemyselného vlastníctva Slovenskej republiky
|c [2006]
|
| 999 |
|
|
|c 911288
|d 913218
|
| 952 |
|
|
|a SNK
|b SNK
|y PREZ
|7 0
|p 17A0526548
|o snkSK 285300
|i snk2006/21186
|8 0
|0 0
|1 0
|4 0
|d 2006-10-18
|l 0
|r 2026-02-24 07:43:42
|w 2026-02-24
|